000 00204 a2200097 4500
001 1327
100 _aWilson, F.W.
245 _aTool engineers Hand book
260 _a
_bMcgrawhill
_c
090 _c885
_d885
942 _aNUST-CAE
_cM
_c35655
999 _c236400
_d236400